00579nam a2200157Ia 4500008004100000100001700041245004600058245002900104260005000133260000900183650002800192650003600220856007300256999001900329952007300348160216s9999 xx 000 0 und d aReynolds, B. aCrisis and emergency risk communication / cB. Reynolds & M. Seeger. bU.S. department of Health and Human Services. c2012 xCommunication - Crisis. xCommunication - emergency risk. uhttp://media.wix.com/ugd/f47560_930e25df18be4ca1adb73492b7417180.pdf c290625d290625 001040aCLbCLd2016-02-16l0r2016-02-16 00:00:00w2016-02-16yCBE